000 00382nam a2200157Ia 4500
008 230524s9999 xx 000 0 und d
082 _a621.381
_bMIT
100 _aG.K.Mithal
245 0 _aIndustrial and Power Electronics
250 _a19TH
260 _aNEW DELHI
_bKhanna
_c2003
300 _aXVII;712
500 _aQuantity Number: 2
650 _aElectronics
942 _cBK
999 _c14299
_d14299